Arturo's Island /

Enregistré dans:
Détails bibliographiques
Auteur principal: Morante, Elsa (autor)
Format: Livre
Langue:anglais
Publié: Nueva York, EUA ; Alfred A. Knopf, 1959, c1959
Sujets:
Tags: Ajouter un tag
Pas de tags, Soyez le premier à ajouter un tag!

MARC

LEADER 00000nam^a2200000^a^4500
001 000315001
005 20250521000000.0
008 111007 19591959
009 20260310113231.17
025 |a Donación sin dato, 1 ejemplar 
037 |a Acervo ITESO - Biblioteca 
041 |a ING 
082 |a 853.  |b MOR 
100 |a Morante, Elsa  |e (autor) 
245 1 0 |a Arturo's Island /  |c E. Morante ; tr. por Isabel Quigly. 
264 4 |a Nueva York, EUA ;  |b Alfred A. Knopf,  |c 1959, c1959 
300 |a 371 p. 
336 |a texto  |b txt  |2 rdacontenido 
337 |a sin mediación  |b n  |2 rdamedio 
338 |a volumen  |b nc  |2 rdasoporte 
500 |a Traducción de: L'isola di Arturo 
586 |a Premio Strega 1957 (ganadora) 
649 |a XX 
650 |a Novela Italiana 
650 |a Literatura de Mujeres -  |z Italia 
650 |a Literatura Italiana -  |y Siglo XX 
910 |a Fondo General 
920 |a Impresos - Libros 
930 |a Colección General 
940 |a Literatura 
905 |a 101 
901 |a 0500201751  |b IT1  |c LIT  |i D  |u 20250521 
902 |a https://opac.biblio.iteso.mx/vufind/Record/000315001